| 000 | 00683nam a2200301Ia 4500 | ||
|---|---|---|---|
| 005 | 20260401122434.0 | ||
| 008 | 008 250103s9999 xx 000 0 eng d | ||
| 020 | _a9780571210497 | ||
| 037 | _aTB | ||
| 040 | _aEDL | ||
| 040 | _beng | ||
| 040 | _cEDL | ||
| 041 | _2eng | ||
| 041 | _aeng | ||
| 084 | _a792.09BIL | ||
| 084 | _qEDL | ||
| 100 |
_aBillington, Michael _91233619 |
||
| 245 | 0 | _aState of the Nation: British Theatre since 1945 | |
| 245 | 0 | _cBillington, Michael | |
| 260 | _aLondon | ||
| 260 | _bFaber and Faber | ||
| 260 | _c2007 | ||
| 300 | _a435p | ||
| 942 | _cTB | ||
| 942 | _h792.09BIL | ||
| 999 |
_c1847289 _d1847289 |
||